=LDR 00000nam 2200000 4500 =001 INLIS000000000054345 =990 ##$$a 61900918 =990 ##$$a 61900921 =990 ##$$a 61900920 =990 ##$$a 61900919 =005 20200122101318 =990 ##$$a 61900921 =990 ##$$a 61900920 =990 ##$$a 61900921 =990 ##$$a 61900921 =035 ##$$a 0010-0120000123 =990 ##$$a 61900920 =990 ##$$a 61900919 =990 ##$$a 61900919 =990 ##$$a 61900920 =007 ta =990 ##$$a 61900919 =990 ##$$a 61900918 =990 ##$$a 61900918 =990 ##$$a 61900918 =008 200122###########################0#ind## =020 ##$$a 978-602-52381-4-7 =082 ##$$a 297.122 =084 ##$$a 297.122 Abd t =100 #$$a Abdurrahman Al-Asyari =245 1#$$a Tiqui taca tahfiz al-qur'an /$c Abdurrahman Al-Asyari =260 ##$$a Wonosobo :$b Biti djaya,$c 2018 =300 ##$$a viii, 144 hlm. : $b ilus. ; $c 21 Cm. =504 ##$$a Bib : hlm 133-143 =600 #4$$a Al-Qur'an tahfizh =990 ##$$a 05070507 =990 ##$$a 05070507 =990 ##$$a 05070507 =990 ##$$a 05070507 =990 ##$$a 61900918 =990 ##$$a 6202000507 =990 ##$$a 6202000508 =990 ##$$a 6202000509 =990 ##$$a 61900919 =990 ##$$a 6202000507 =990 ##$$a 6202000508 =990 ##$$a 61900918 =990 ##$$a 61900920 =990 ##$$a 6202000507 =990 ##$$a 61900919 =990 ##$$a 61900918 =990 ##$$a 61900921 =990 ##$$a 61900920 =990 ##$$a 61900919 =990 ##$$a 61900918